miasta na prawach powiatu w Polsce - Statystyki

Ogólne statystyki
  • Ten quiz został rozwiązany 56 razy
  • Średni wynik to 54 z 66
Statystyki odpowiedzi
Województwo miasto % Poprawnych
Pomorskie Gdańsk
98%
Pomorskie Gdynia
98%
Śląskie Katowice
98%
Małopolskie Kraków
98%
Dolnośląskie Wrocław
98%
Lubuskie Zielona góra
98%
Podlaskie Białystok
96%
Lubelskie Lublin
96%
Opolskie Opole
96%
Wielkopolskie Poznań
96%
Podkarpackie Rzeszów
96%
Pomorskie Sopot
96%
Zachodniopomorskie Szczecin
96%
Kujawskopomorskie Toruń
96%
Mazowieckie Warszawa
96%
Kujawskopomorskie Bydgoszcz
93%
Świętokrzyskie Kielce
93%
Mazowieckie Radom
93%
Lubuskie Gorzów Wielkopolski
91%
Zachodniopomorskie Koszalin
91%
Łódzkie Łódź
91%
Śląskie Sosnowiec
89%
Śląskie Częstochowa
87%
Śląskie Gliwice
87%
Wielkopolskie Kalisz
87%
Warmińskomazurskie Olsztyn
87%
Mazowieckie Płock
87%
Śląskie Zabrze
87%
Podlaskie Suwałki
84%
Kujawskopomorskie Włocławek
84%
Śląskie Chorzów
82%
Dolnośląskie Legnica
82%
Małopolskie Tarnów
82%
Warmińskomazurskie Elbląg
80%
Dolnośląskie JeleniaGóra
80%
Łódzkie PiotrkówTrybunalski
80%
Śląskie Ruda Śląska
80%
Śląskie Tychy
80%
Śląskie Bytom
78%
Śląskie DąbrowaGórnicza
78%
Zachodniopomorskie Świnoujście
78%
Dolnośląskie Wałbrzych
78%
Kujawskopomorskie Grudziądz
76%
Małopolskie Nowy Sącz
76%
Podkarpackie Przemyśl
76%
Mazowieckie Siedlce
76%
Pomorskie Słupsk
76%
Wielkopolskie Konin
73%
Podkarpackie Krosno
73%
Podlaskie Łomża
73%
Lubelskie Zamość
73%
Śląskie Bielsko-Biała
71%
Wielkopolskie Leszno
71%
Śląskie Rybnik
69%
Mazowieckie Ostrołęka
67%
Śląskie Siemianowice Śląskie
67%
Lubelskie BiałaPodlaska
64%
Lubelskie Chełm
64%
Łódzkie Skierniewice
64%
Podkarpackie Tarnobrzeg
64%
Śląskie Jaworzno
60%
Śląskie Mysłowice
58%
Śląskie Świętochłowice
58%
Śląskie Żory
58%
Śląskie Jastrzębie-Zdrój
56%
Śląskie Piekary Śląskie
53%
Nie znaleziono quizów pasujących do podanych kryteriów
Rozkład punktacji
Procent ludzi z każdym wynikiem
Percentyl według liczby udzielonych odpowiedzi
Twoja historia wyników
Nie rozwiązałeś tego quizu